000
00211nam a22000977a 4500
999
_c
264337
_d
264336
020
_a
0590035584
100
_a
Eloise McGraw
245
_a
The Moorchild
260
_a
New York
_b
Scholastic Inc
_c
1996
942
_c
BK